000
00305nam a2200121Ia 4500
008
220204s9999 xx 000 0 und d
082
_b
KHA
100
_a
KHARBANDA, V K
245
0
_a
Payment of bonus act 1965 with rules
260
_a
Allahabad
_b
Law Publishers
_c
1983
650
_a
Bonus act
942
_c
BK
999
_c
38385
_d
38385